Olivia Rodrigo - logical (Lyrics) - Statistics

General Stats
  • This quiz has been taken 1,080 times
  • The average score is 293 of 356
Answer Stats
Answer % Correct
I
99%
you
99%
You
99%
a
98%
And
96%
and
96%
logical
96%
Logical,
96%
logical,
96%
love
96%
Love
96%
your
96%
is
95%
the
95%
The
95%
me
94%
me,
94%
of
94%
I'm
93%
life
93%
never
93%
plus
93%
Two
93%
two
93%
do
92%
equals
92%
five
92%
five,
92%
so
92%
Then
91%
all
88%
all?
88%
don't
88%
my
86%
That
86%
that
86%
if
85%
No,
85%
shine
85%
sun
85%
possible
84%
thinking
84%
Thinking
84%
'Cause
83%
could
83%
got
83%
to
83%
in
82%
rain
82%
was
82%
It
81%
it
81%
pour
81%
did
79%
what
79%
changing
78%
said
78%
Said
78%
God,
77%
like
77%
you're
77%
for
76%
girl
76%
loving
76%
get
75%
now
75%
have
74%
head
74%
know
74%
at
73%
every
73%
good
73%
sky
73%
why
72%
But
71%
feel
71%
red
70%
Argument
69%
friend
69%
manipulator
69%
Master
69%
over
69%
too
69%
Can't
68%
can't
68%
horrible
68%
makes
68%
girls
67%
green,
67%
instead
67%
off
67%
couldn't
66%
grass
66%
really
66%
held
65%
lied,
65%
mean
65%
stupid
65%
sure
65%
things
65%
words
65%
young,
65%
are
64%
responsible
64%
stop
64%
this?
64%
up
64%
fell
63%
from
63%
savior
62%
see
62%
take
62%
water
62%
Brought
61%
Come
61%
half
61%
Hear
61%
look
61%
mind
61%
problems
61%
always
60%
didn't
60%
hell
60%
soft
60%
February
59%
joke,
59%
rumors
59%
through
59%
myself
58%
put
58%
tried
58%
With
58%
castle
57%
I'd
57%
lately
57%
solvable
57%
those
57%
baby
56%
built
56%
Falls
56%
guess
56%
high
56%
denied
55%
out
55%
convinced
54%
walls
54%
stopped
53%
way
53%
giant
52%
could've
51%
stronger
48%
current's
44%
unraveled
41%
Our
36%
No matching quizzes found
Score Distribution
Percent of People with Each Score
Percentile by Number Answered
Your Score History
You have not taken this quiz